Statistics for Државе Варшавског пакта

Click here to take the quiz!

General Stats

  • This quiz has been taken 254 times
  • The average score is 6 of 8

Answer Stats

Држава% Correct
Пољска
98%
Румунија
85%
Бугарска
80%
Совјетски Савез
80%
Чехословачка
76%
Мађарска
76%
Албанија
65%
Источна Немачка
61%

Score Distribution

Percentile by Number Answered

Percent of People with Each Score

Your Score History

You have not taken this quiz